Усиление защиты тяговых сетей постоянного тока; Железнодорожный транспорт; № 3

التفاصيل البيبلوغرافية
Parent link:Железнодорожный транспорт: научно-теоретический технико-экономический журнал.— , 1981
№ 3.— 1981.— С. 44-47
مؤلفون آخرون: Сивков А. А. Александр Анатольевич, Корольков В. Л. Валерий Леонидович, Шимкевич Г. Я., Завадский С. П., Сиволов Г. В.
الملخص:В фонде НТБ ТПУ отсутствует
اللغة:الروسية
منشور في: 1981
الموضوعات:
التنسيق: MixedMaterials فصل الكتاب
KOHA link:https://koha.lib.tpu.ru/cgi-bin/koha/opac-detail.pl?biblionumber=602085

MARC

LEADER 00000naa0a2200000 4500
001 602085
005 20250224095919.0
035 |a (RuTPU)RU\TPU\tpu\27514 
090 |a 602085 
100 |a 20150521d1981 k||y0rusy50 ca 
101 0 |a rus 
102 |a RU 
200 1 |a Усиление защиты тяговых сетей постоянного тока  |f А. А. Сивков [и др.] 
333 |a В фонде НТБ ТПУ отсутствует 
461 |t Железнодорожный транспорт  |o научно-теоретический технико-экономический журнал  |d 1981 
463 |t № 3  |v С. 44-47  |d 1981 
610 1 |a труды учёных ТПУ 
701 1 |a Сивков  |b А. А.  |c специалист в области электроэнергетики  |c профессор Томского политехнического университета, доктор технических наук  |f 1951-  |g Александр Анатольевич  |3 (RuTPU)RU\TPU\pers\26846  |9 12465 
701 1 |a Корольков  |b В. Л.  |c российский ученый  |c доктор технических наук, Заслуженный изобретатель России  |c профессор Томского государственного архитектурно-строительного университета  |f 1938-  |g Валерий Леонидович  |3 (RuTPU)RU\TPU\pers\19826 
701 1 |a Шимкевич  |b Г. Я. 
701 1 |a Завадский  |b С. П. 
701 1 |a Сиволов  |b Г. В. 
801 1 |a RU  |b 63413507  |c 20150521 
942 |c CR